Divergierende Interessen: der Kampf um saubere Luft in den Städten
Saved in:
| Main Author: | |
|---|---|
| Format: | Chapter/Article |
| Language: | German |
| Published: |
2023
|
| In: |
Konflikte um Infrastrukturen
Year: 2023, Pages: 77-98 |
| DOI: | 10.1515/9783839467428-005 |
| Online Access: | Resolving-System, kostenfrei, Volltext: https://doi.org/10.1515/9783839467428-005 |
| Author Notes: | Melanie Nagel |
MARC
| LEADER | 00000caa a2200000 c 4500 | ||
|---|---|---|---|
| 001 | 187979814X | ||
| 003 | DE-627 | ||
| 005 | 20241205140326.0 | ||
| 007 | cr uuu---uuuuu | ||
| 008 | 240201s2023 xx |||||o 00| ||ger c | ||
| 024 | 7 | |a 10.1515/9783839467428-005 |2 doi | |
| 035 | |a (DE-627)187979814X | ||
| 035 | |a (DE-599)KXP187979814X | ||
| 035 | |a (OCoLC)1475287185 | ||
| 040 | |a DE-627 |b ger |c DE-627 |e rda | ||
| 041 | |a ger | ||
| 084 | |a 16 |2 sdnb | ||
| 100 | 1 | |a Nagel, Melanie |d 1978- |e VerfasserIn |0 (DE-588)1097218112 |0 (DE-627)857001566 |0 (DE-576)468130292 |4 aut | |
| 245 | 1 | 0 | |a Divergierende Interessen |b der Kampf um saubere Luft in den Städten |c Melanie Nagel |
| 264 | 1 | |c 2023 | |
| 300 | |a 22 | ||
| 336 | |a Text |b txt |2 rdacontent | ||
| 337 | |a Computermedien |b c |2 rdamedia | ||
| 338 | |a Online-Ressource |b cr |2 rdacarrier | ||
| 773 | 0 | 8 | |i Enthalten in |t Konflikte um Infrastrukturen |d Bielefeld : transcript, 2023 |g (2023), Seite 77-98 |h 1 Online-Ressource (228 Seiten) |w (DE-627)1874773319 |z 9783839467428 |z 9783732867424 |7 nnam |a Divergierende Interessen der Kampf um saubere Luft in den Städten |
| 773 | 1 | 8 | |g year:2023 |g pages:77-98 |g extent:22 |a Divergierende Interessen der Kampf um saubere Luft in den Städten |
| 856 | 4 | 0 | |u https://doi.org/10.1515/9783839467428-005 |x Resolving-System |z kostenfrei |3 Volltext |
| 951 | |a AR | ||
| 992 | |a 20240918 | ||
| 993 | |a BookComponentPart | ||
| 994 | |a 2023 | ||
| 998 | |g 1097218112 |a Nagel, Melanie |m 1097218112:Nagel, Melanie |d 180000 |d 180500 |e 180000PN1097218112 |e 180500PN1097218112 |k 0/180000/ |k 1/180000/180500/ |p 1 |x j |y j | ||
| 999 | |a KXP-PPN187979814X |e 4581295068 | ||
| BIB | |a Y | ||
| JSO | |a {"person":[{"display":"Nagel, Melanie","given":"Melanie","family":"Nagel","role":"aut"}],"type":{"media":"Online-Ressource","bibl":"chapter"},"physDesc":[{"extent":"22 S."}],"recId":"187979814X","title":[{"title_sort":"Divergierende Interessen","subtitle":"der Kampf um saubere Luft in den Städten","title":"Divergierende Interessen"}],"origin":[{"dateIssuedKey":"2023","dateIssuedDisp":"2023"}],"language":["ger"],"name":{"displayForm":["Melanie Nagel"]},"relHost":[{"id":{"doi":["10.1515/9783839467428"],"eki":["1874773319"],"isbn":["9783839467428","9783732867424"]},"disp":"Divergierende Interessen der Kampf um saubere Luft in den StädtenKonflikte um Infrastrukturen","name":{"displayForm":["Johanna Betz, Hans-Jürgen Bieling, Andrea Futterer, Matthias Möhring-Hesse, Melanie Nagel (Hg.)"]},"title":[{"title":"Konflikte um Infrastrukturen","title_sort":"Konflikte um Infrastrukturen","subtitle":"öffentliche Debatten und politische Konzepte"}],"person":[{"family":"Betz","display":"Betz, Johanna","given":"Johanna","role":"edt"},{"given":"Hans-Jürgen","display":"Bieling, Hans-Jürgen","family":"Bieling","role":"edt"},{"family":"Futterer","given":"Andrea","display":"Futterer, Andrea","role":"edt"},{"family":"Möhring-Hesse","given":"Matthias","display":"Möhring-Hesse, Matthias","role":"edt"},{"family":"Nagel","display":"Nagel, Melanie","given":"Melanie","role":"edt"}],"part":{"text":"(2023), Seite 77-98","extent":"22","year":"2023","pages":"77-98"},"physDesc":[{"noteIll":"Diagramme, Illustrationen","extent":"1 Online-Ressource (228 Seiten)"}],"note":["Gefördert durch: transcript: Open Library 2023 (Politik)"],"relMultPart":[{"title":[{"title":"Edition Politik","title_sort":"Edition Politik"}],"titleAlt":[{"title":"Political science"}],"dispAlt":"Edition Politik","pubHistory":["1.2010 -"],"part":{"number_sort":["154"],"number":["Band 154"]},"type":{"media":"Online-Ressource","bibl":"serial"},"recId":"826788459","physDesc":[{"extent":"Online-Ressource"}],"disp":"Edition Politik","id":{"zdb":["2823432-7"],"issn":["2702-9069"],"eki":["826788459"]},"origin":[{"publisher":"Transcript","dateIssuedDisp":"2010-","dateIssuedKey":"2010","publisherPlace":"Bielefeld"}],"language":["ger"]}],"language":["ger"],"origin":[{"publisherPlace":"Bielefeld","dateIssuedKey":"2023","dateIssuedDisp":"2023","publisher":"transcript"}],"type":{"bibl":"edited-book","media":"Online-Ressource"},"recId":"1874773319"}],"id":{"doi":["10.1515/9783839467428-005"],"eki":["187979814X"]}} | ||
| SRT | |a NAGELMELANDIVERGIERE2023 | ||